Mujeres de Goethe / (Record no. 164350)

MARC details
000 -LEADER
campo de control de longitud fija 01230nam a2200277 i 4500
001 - NÚMERO DE CONTROL
campo de control 164350
003 - IDENTIFICADOR DE NÚMERO DE CONTROL
campo de control ES-MaACL
005 - FECHA Y HORA DE LA ÚLTIMA TRANSACCIÓN
campo de control 20251017111221.0
008 - DATOS DE LONGITUD FIJA--INFORMACIÓN GENERAL
campo de control de longitud fija 940301s1884 sp a |||| |dspa d
080 ## - NÚMERO DE LA CLASIFICACIÓN DECIMAL UNIVERSAL
Número de la Clasificación Decimal Universal 821.112.2 Goethe, Johann Wolfgang 1.07
100 1# - ENTRADA PRINCIPAL--NOMBRE DE PERSONA
Nombre de persona Saint-Victor, Paul de.
9 (RLIN) 132298
245 10 - MENCIÓN DEL TÍTULO
Título Mujeres de Goethe /
Mención de responsabilidad, etc. por Pablo de Saint-Victor ; versión castellana de J. Yxart ; con un prólogo de Urbano González Serrano ; ilustración de Kaulbach ; fotograbados de Meisenbach.
260 ## - PUBLICACIÓN, DISTRIBUCIÓN, ETC.
Lugar de publicación, distribución, etc. Barcelona :
Nombre del editor, distribuidor, etc. Daniel Cortezo y Cª,
Fecha de publicación, distribución, etc. 1884.
300 ## - DESCRIPCIÓN FÍSICA
Extensión 324 p. :
Otras características físicas il. ;
Dimensiones 21 cm.
490 1# - MENCIÓN DE SERIE
Mención de serie Biblioteca "Arte y letras"
600 14 - PUNTO DE ACCESO ADICIONAL DE MATERIA--NOMBRE DE PERSONA
Nombre de persona Goethe, Johann Wolfgang von,
Fechas asociadas al nombre 1749-1832-
Subdivisión general Crítica e interpretación
9 (RLIN) 57571
700 1# - ENTRADA AGREGADA--NOMBRE PERSONAL
Nombre de persona Yxart, Josep,
Fechas asociadas al nombre 1852-1895
9 (RLIN) 139230
700 1# - ENTRADA AGREGADA--NOMBRE PERSONAL
Nombre de persona González Serrano, U.,
Fechas asociadas al nombre 1848-1904
9 (RLIN) 58968
700 1# - ENTRADA AGREGADA--NOMBRE PERSONAL
Nombre de persona Kaulbach, Wilhelm von,
Fechas asociadas al nombre 1805-1874
9 (RLIN) 128430
700 1# - ENTRADA AGREGADA--NOMBRE PERSONAL
Nombre de persona Meisenbach, Georg,
Fechas asociadas al nombre 1841-1912
9 (RLIN) 171870
830 10 - PUNTO DE ACCESO ADICIONAL DE SERIE-TÍTULO UNIFORME
Título uniforme Biblioteca "Arte y letras"
9 (RLIN) 180874
852 ## - LOCALIZACIÓN
Ubicación ES-MaACL
Número de control de estantería B-725
itemnumber 170594
Ubicación en estantería Sala Pardo Bazán
Encuadernación Encuadernación editorial en tela estampada, cortes pintados
942 ## - ELEMENTOS DE ENTRADA SECUNDARIOS (KOHA)
Fuente del sistema de clasificación o colocación Clasificación decimal universal
Tipo de ítem Koha Libro impreso
Suprimir en OPAC No
Holdings
Estatus retirado Estado de pérdida Estado de daño No para préstamo Colección Biblioteca de origen Biblioteca actual Ubicación en estantería Fecha de adquisición Fuente de adquisición Total de préstamos Signatura topográfica completa Código de barras Visto por última vez Precio de reemplazo Tipo de ítem Koha
        Libros del s. XIX Biblioteca del Ateneo de Madrid Biblioteca del Ateneo de Madrid Sala Pardo Bazán 17/01/2008     B-725 1172265 23/02/2023 23/02/2023 Libro impreso antiguo